000 01756cam a22003611 4500
001 24879
003 BD-RjUL
005 20211209001117.0
008 140315s1968 enk b 101 0 eng
020 _a0521046750
035 _a(BD-RjUL)24948
040 _aDLC
_cDLC
_dDLC
_dBD-RjUL
_beng
041 _aeng
082 0 0 _a914.2037
_bMAN
245 0 0 _aMan versus society in eighteenth-century Britain: six points of view,
_cby J. H. Plumb [and others]; edited by James L. Clifford.
260 _aLondon :
_bCambridge U.P.,
_c1968.
300 _aviii, 175 p. ;
_c23 cm.
350 _a35/-
500 _aSymposium held on 14-16 October 1966, sponsored by the Conference on British Studies in conjunction with the University of Delaware and the Henry Francis du Pont Winterthur Museum.
504 _aBibliographical references included in "Notes" (p. 152-168)
505 0 _aPolitical man, by J. H. Plumb.--Man's economic status, by J. Viner.--The churchman, by G. R. Cragg.--The artist, by R. Wittkower.--The composer, by P. H. Lang.--The writer, by B. H. Bronson.--Commentary summarised, by J. L. Clifford.
651 0 _aGreat Britain
_xCivilization
_y18th century.
_976567
700 1 _aPlumb, J. H.
_q(John Harold),
_d1911-2001.
_976568
700 1 _aClifford, James L.
_q(James Lowry),
_d1901-1978,
_eed.
_950277
710 2 _aConference on British studies.
_976569
710 2 _aUniversity of Delaware.
_939365
710 2 _aHenry Francis du Pont Winterthur Museum.
_976570
856 4 2 _3Publisher description
_uhttp://www.loc.gov/catdir/enhancements/fy1005/68012057-d.html
856 4 1 _3Table of contents only
_uhttp://www.loc.gov/catdir/enhancements/fy1005/68012057-t.html
942 _2ddc
_cBK
999 _c24879
_d24879